Valtioiden muotoja lipuilla #7 - Statistics

Yleistilastot
  • Tätä visaa on pelattu 738 kertaa
  • Keskiarvotulos 12 / 16
Vastaustilastot
Kuvavisa Vastaus % Oikein
Viro
98%
Portugali
96%
Itävalta
93%
Pohjois-Makedonia
93%
Georgia
92%
Thaimaa
92%
Afganistan
82%
Kolumbia
82%
Benin
71%
Botswana
71%
Dominikaaninen tasavalta
69%
Tšad
68%
Sudan
64%
Lesotho
59%
Grenada
43%
Malediivit
41%
Ehtoja vastaavia visoja ei löytynyt
Tulosjakauma
Jokaisen tuloksen saaneiden osuus
Persentiili vastausten määrän mukaan
Tuloshistoriasi
Et ole pelannut tätä visaa